000 01503nam a2200241Ii 4500
008 221202s xx 000 0 und d
245 0 _aTaxation and the Financial Crisis
264 _bOxford University Press
_c2012
300 _a1 online resource (321 pages)
336 _atext
_btxt
_2rdacontent
337 _acomputer
_bc
_2rdamedia
338 _aonline resource
_bcr
_2rdacarrier
520 _aThe financial crisis has opened up a global debate on the taxation of the financial sector. A number of international policy initiatives, most notably by the G20, have called for major changes in the tax treatment of financial institutions and transactions as well as individuals working in the financial sector. This book examines how tax policies contributed to the financial crisis and whether taxation can play a role in the reform efforts under way to establish a sounder and safer financial system. The book looks at the pros and cons of various tax initiatives, including limiting the tax advantages to debt financing, special taxes on the financial sector and financial transactions taxes.
653 _aDebt Financing
653 _aFinancial Crisis
653 _aFinancial Sector
653 _aTax Policy
653 _aTaxation
700 1 _aAlworth, Julian S.
700 1 _aArachi, Giampaolo
856 _uhttps://docs.google.com/spreadsheets/d/1yKIrdCPDAG_9c22mwoOIO2DOhtj65Wqa/edit?usp=sharing&ouid=106555315294820607512&rtpof=true&sd=true
_yList of Curated E-Books
942 _cE-BOOK
999 _c96934
_d96931